Signals, systems, and transforms / (Record no. 25460)
[ view plain ]
| 000 -LEADER | |
|---|---|
| fixed length control field | 01037cam a22003135a 4500 |
| 001 - CONTROL NUMBER | |
| control field | 016726280 |
| 003 - CONTROL NUMBER IDENTIFIER | |
| control field | OSt |
| 005 - DATE AND TIME OF LATEST TRANSACTION | |
| control field | 20201128024156.0 |
| 008 - FIXED-LENGTH DATA ELEMENTS--GENERAL INFORMATION | |
| fixed length control field | 150427t2014 maua frb 001 0 eng d |
| 020 ## - INTERNATIONAL STANDARD BOOK NUMBER | |
| International Standard Book Number | 9781292015286 |
| 020 ## - INTERNATIONAL STANDARD BOOK NUMBER | |
| International Standard Book Number | 1292015284 |
| 040 ## - CATALOGING SOURCE | |
| Original cataloging agency | StDuBDS |
| Language of cataloging | eng |
| Transcribing agency | StDuBDS |
| Modifying agency | EG-ScBUE |
| -- | EG-ScBUE |
| 082 04 - DEWEY DECIMAL CLASSIFICATION NUMBER | |
| Classification number | 621.3822 |
| Item number | PHI |
| Edition number | 22 |
| 100 1# - MAIN ENTRY--PERSONAL NAME | |
| Personal name | Phillips, Charles L. |
| 9 (RLIN) | 5406 |
| 245 10 - TITLE STATEMENT | |
| Title | Signals, systems, and transforms / |
| Statement of responsibility, etc | Charles L. Phillips, John M. Parr, Eve A. Riskin. |
| 250 ## - EDITION STATEMENT | |
| Edition statement | 5th ed., Global ed. |
| 260 ## - PUBLICATION, DISTRIBUTION, ETC. (IMPRINT) | |
| Place of publication, distribution, etc | Harlow : |
| Name of publisher, distributor, etc | Pearson Education Limited, |
| Date of publication, distribution, etc | c.2014. |
| 300 ## - PHYSICAL DESCRIPTION | |
| Extent | 811 p. : |
| Other physical details | ill. ; |
| Dimensions | 24 cm. |
| 504 ## - BIBLIOGRAPHY, ETC. NOTE | |
| Bibliography, etc | Includes bibliographical references and index. |
| 650 #7 - SUBJECT ADDED ENTRY--TOPICAL TERM | |
| Topical term or geographic name as entry element | Multiple signal classification. |
| Source of heading or term | BUEsh |
| 650 #7 - SUBJECT ADDED ENTRY--TOPICAL TERM | |
| Topical term or geographic name as entry element | Transformations (Mathematics) |
| Source of heading or term | BUEsh |
| 9 (RLIN) | 5408 |
| 650 #7 - SUBJECT ADDED ENTRY--TOPICAL TERM | |
| Topical term or geographic name as entry element | System analysis. |
| Source of heading or term | BUEsh |
| 9 (RLIN) | 734 |
| 651 ## - SUBJECT ADDED ENTRY--GEOGRAPHIC NAME | |
| Source of heading or term | BUEsh |
| 653 ## - INDEX TERM--UNCONTROLLED | |
| Resource For college | Engineering, Electrical |
| Arrived date list | September2017 |
| -- | October2017 |
| 655 ## - INDEX TERM--GENRE/FORM | |
| Form subdivision | Text book |
| -- | 33728 |
| 700 10 - ADDED ENTRY--PERSONAL NAME | |
| Personal name | Parr, John M. |
| 700 1# - ADDED ENTRY--PERSONAL NAME | |
| Personal name | Riskin, Eve A. |
| Fuller form of name | (Eve Ann) |
| 942 ## - ADDED ENTRY ELEMENTS (KOHA) | |
| Source of classification or shelving scheme | Dewey Decimal Classification |
| Withdrawn status | Item status | Source of classification or shelving scheme | Damaged status | Not for loan | Vendor | Home library | Current library | Shelving location | Date acquired | Source of acquisition | Total Checkouts | Full call number | Barcode | Date last seen | Koha item type | Cost, normal purchase price |
|---|---|---|---|---|---|---|---|---|---|---|---|---|---|---|---|---|
| Dewey Decimal Classification | Baccah | Central Library | Central Library | First floor | 28/09/2017 | Purchase | 621.3822 PHI | 000046550 | 15/07/2025 | NB - Book (Non borrowing) | ||||||
| Dewey Decimal Classification | Baccah | Central Library | Central Library | First floor | 31/10/2017 | Purchase | 621.3822 PHI | 000042356 | 15/07/2025 | Book - Borrowing | 550.00 | |||||
| Dewey Decimal Classification | Baccah | Central Library | Central Library | First floor | 31/10/2017 | Purchase | 621.3822 PHI | 000042357 | 15/07/2025 | Book - Borrowing | ||||||
| Dewey Decimal Classification | Baccah | Central Library | Central Library | First floor | 11/03/2018 | Purchase | 621.3822 PHI | 000046761 | 15/07/2025 | Book - Borrowing |